000 00855nam a2200277Ia 4500
003 OSt
005 20221006140621.0
006 a|||||r|||| 00| 0
007 ta
008 221006b |||||||| |||| 00| 0 eng d
020 _a8121508053
_c475.00
024 _a202
037 _bGift,
_cTextual
040 _aEASL
_cEASL
_beng
041 _2eng
_aeng
082 _aV420j2.P, N7
100 _aYAMAGUCHI Hiroichi Ed.
_9337939
245 0 _aTradition and modernity
_b India and Japan towards the twenty-first century
260 _aNew Delhi
_bMunshiram Manoharlal Publishers India
_c1997
300 _a304p.
_ccm.
490 _v JEL
650 _aJEL
_9642988
700 _a YANAGISAWA Haruka Ed.
_9642989
942 _hV420j2.P, N7
_cTEXL
_2CC
999 _c1068289
_d1068289